| 000 | 00923naa a22002537a 4500 | ||
|---|---|---|---|
| 001 | BR6006958 | ||
| 003 | BR-BrBNA | ||
| 005 | 20240918172920.0 | ||
| 007 | ta | ||
| 008 | 230509b bl.||||| |||| 00| 0 por d | ||
| 040 |
_aBR-BrBNA _bpor _cBiblioteca Nacional de Agricultura |
||
| 041 | _a(Pt) | ||
| 072 | _aH00; H10 | ||
| 090 | _aH00 BR6006958 | ||
| 100 | 1 | _aGoncalves, C.R. | |
| 111 | 1 |
_a8. Reuniao de Fitossanitaristas do Brasil _cRio de Janeiro, GB (Brazil) _d30 Nov 1964 |
|
| 245 | 1 | _aO combate integrado as pragas da agricultura | |
| 260 | 3 |
_aRio de Janeiro, GB (Brasil): _c1964. |
|
| 500 | _aAnais da 8. Reuniao de Fitossanitaristas Rio de Janeiro, GB (Brasil): 1964. p. 99-105 (BR6006958-AM)H00 | ||
| 650 | _aDEFESA VEGETAL | ||
| 773 | 0 |
_tAnais da 8. Reuniao de Fitossanitaristas _wH00 BR6006958 _gRio de Janeiro, GB (Brasil), 1964. p. 99-105 |
|
| 909 |
_a202404 _bLucia _c55 _dLucia Elande |
||
| 942 |
_cAM _2AGRIS |
||
| 999 |
_c302052 _d302052 |
||